Citation network analysis of solar energy (Record no. 4552)

MARC details
000 -LEADER
fixed length control field 00563nam a22001697a 4500
003 - CONTROL NUMBER IDENTIFIER
control field OSt
005 - DATE AND TIME OF LATEST TRANSACTION
control field 20220107122757.0
008 - FIXED-LENGTH DATA ELEMENTS--GENERAL INFORMATION
fixed length control field 150326b xxu||||| |||| 00| 0 eng d
040 ## - CATALOGING SOURCE
Transcribing agency
100 ## - MAIN ENTRY--PERSONAL NAME
Personal name Kavitha T M (92212008)
9 (RLIN) 6252
245 ## - TITLE STATEMENT
Title Citation network analysis of solar energy
502 ## - DISSERTATION NOTE
Degree type MSc. Computational Science
Name of granting institution 2012 - 2014
Year degree granted INT
-- Manoj Kumar T K
-- Satheesh Kumar K (University of Kerala)
Miscellaneous information "University of Kerala, Thiruvananthapuram"
650 ## - SUBJECT ADDED ENTRY--TOPICAL TERM
Topical term or geographic name entry element CITATION NETWORK ANALYSIS
9 (RLIN) 6253
650 ## - SUBJECT ADDED ENTRY--TOPICAL TERM
Topical term or geographic name entry element GEPHI
9 (RLIN) 6254
650 ## - SUBJECT ADDED ENTRY--TOPICAL TERM
Topical term or geographic name entry element PAJEK
9 (RLIN) 6255
942 ## - ADDED ENTRY ELEMENTS (KOHA)
Source of classification or shelving scheme Dewey Decimal Classification
Koha item type
Holdings
Withdrawn status Lost status Source of classification or shelving scheme Damaged status Not for loan Home library Current library Date acquired Total Checkouts Barcode Date last seen Price effective from Koha item type
    Dewey Decimal Classification     IIITM-K Kerala University of Digital Sciences, Innovation and Technology Knowledge Centre 26/03/2015   R-482 26/03/2015 26/03/2015 Project Reports